000 02030nam a2200397 c 4500
003 BLK
005 20230407030347.0
008 180409b bul|||||r ||||||| ||bul||
010 _aKNG00113389000
020 _a954-516-459-Х
_bиздат.: Летера - на том(ч. 3)
040 _aBLK
041 _aBUL
_cBUL
080 _aБългарска литература
_b821.163.2
_x.09(075.3)
_z821.163.2.09(075.3)
080 _aЛитературна дейност. Редактиране. Култура на речта. Стилистика. Литературна техника
_b808
_x(075.3)
_z808(075.3)
100 1 _aГригоров, Илия Георгиев
_eпърви автор
_9311132
139 _aГригоров, Илия Георгиев
_bГ 82
245 1 0 _aЛитературни анализи за ХІ - ХІІ клас
_bЧ. 1 - 3
_cИлия Георгиев Григоров.
_nЧ. 3
_pЛитературно-интерпретативно съчинение върху проза
257 _aBGR
260 Пловдив
_c2003 -
_fЗа том: В. Търново : Абагар
300 _c20 см
380 _a82
500 _aОфс. изд. - 1 500 тир.
650 4 _aБългарска литература - учебни помагала
_9242720
650 4 _aСъчинение и преразказ - учебници за средни училища
_9262071
653 _aбългарска литература
653 _aлитературноинтерпретативно съчинение
653 _aучебници за средни училища
653 _aХІ кл.
653 _aХІІ кл.
760 1 _3- на том(ч. 3)
_aГригоров, Илия Георгиев
_dЛетера
_h156 с.
_tЧ. 3 Литературно-интерпретативно съчинение върху проза
852 _aЦб 219752
856 4 _qpdf
_u
856 4 _qpdf
_u
942 _cKNG
_n0
944 _aCR
_c03.06.2004
_kВаля_Йорданова
944 _aED
_c21.03.2005
_k
999 _c108091
_d108091